Vector mechanics for engineers (Record no. 4856)

000 -LEADER
fixed length control field 00594nam a2200217 a 4500
001 - CONTROL NUMBER
control field 4856
003 - CONTROL NUMBER IDENTIFIER
control field BD-DhUET
008 - FIXED-LENGTH DATA ELEMENTS--GENERAL INFORMATION
fixed length control field 840307s1984 nyua 001 0 eng
020 ## - INTERNATIONAL STANDARD BOOK NUMBER
International Standard Book Number 0070044384
040 ## - CATALOGING SOURCE
Original cataloging agency DLC
Transcribing agency DLC
Modifying agency BD-DhUET
082 00 - DEWEY DECIMAL CLASSIFICATION NUMBER
Classification number 620.1
Item number BEE/1984
100 ## - MAIN ENTRY--PERSONAL NAME
Personal name Beer, Ferdinand P.
245 10 - TITLE STATEMENT
Title Vector mechanics for engineers
Remainder of title statics and dynamics
250 ## - EDITION STATEMENT
Edition statement 4th ed.
260 ## - PUBLICATION, DISTRIBUTION, ETC. (IMPRINT)
Place of publication, distribution, etc. New York
Name of publisher, distributor, etc. McGraw-Hill
Date of publication, distribution, etc. 1984
300 ## - PHYSICAL DESCRIPTION
Extent xxi, 926 p.
Other physical details ill.
Dimensions 24 cm.
504 ## - BIBLIOGRAPHY, ETC. NOTE
Bibliography, etc Includes bibliographies
650 #0 - SUBJECT ADDED ENTRY--TOPICAL TERM
Topical term or geographic name as entry element Engineering instruments
700 1# - ADDED ENTRY--PERSONAL NAME
Personal name Johnston, E. Russell
942 ## - ADDED ENTRY ELEMENTS (KOHA)
Koha item type General Book
Holdings
Source of classification or shelving scheme Sublocation or collection (holding branch) Copy number Location (home branch) Koha date last seen Koha normalized classification for sorting Piece designation (barcode) Price effective from Shelving location Koha date last borrowed Date acquired Koha item type Withdrawn status Lost status Not for loan Koha issues (times borrowed) Koha full call number Damaged status
 Central Library, BUET1Central Library, BUET2015-12-08620_100000000000000_BEE_1984660512014-11-23Circulation section 2014-11-23General Book    620.1/BEE/1984 
 Central Library, BUET1Central Library, BUET2022-06-20620_000000000000000_1BEE1984660422014-11-24Circulation section2022-06-122014-11-24General Book   2620.1/BEE/1984 
 Central Library, BUET1Central Library, BUET2023-06-07620_100000000000000_BEE_1984660862014-11-29Circulation section2023-01-102014-11-29General Book   4620.1/BEE/1984 
 Central Library, BUET49Central Library, BUET2025-05-28620_100000000000000_BEE_1984660442014-12-11Circulation section2025-04-302014-12-11General Book   1620.1 /BEE/1984 
 Central Library, BUET1Central Library, BUET2015-02-23620_100000000000000_BEE_1984660122014-12-11Circulation section 2014-12-11General Book    620.1/BEE/1984 
 Central Library, BUET6Central Library, BUET2015-12-22620_100000000000000_BEE_1984660432015-01-19Circulation section 2015-01-19General Book    620.1/BEE/1984 
 Central Library, BUET7Central Library, BUET2022-12-13620_100000000000000_BEE_1984813362015-02-16Circulation section2022-11-212015-02-16General Book   1620.1/BEE/1984 
 Central Library, BUET1Central Library, BUET2018-04-30620_100000000000000_BEE_1984660482015-04-01Circulation section2018-04-182015-04-01General Book   1620.1/BEE/1984 
 Central Library, BUET9Central Library, BUET2015-06-21620_100000000000000_BEE_1984660152015-06-21Reading section 2015-06-21Reading Item    620.1/BEE/1984 
 Central Library, BUET10Central Library, BUET2015-06-22620_100000000000000_BEE_1984660142015-06-22Reading section 2015-06-22General Book    620.1/BEE/1984 
 Central Library, BUET11Central Library, BUET2015-06-22620_100000000000000_BEE_1984660132015-06-22Reading section 2015-06-22General Book    620.1/BEE/1984 
 Central Library, BUET12Central Library, BUET2015-06-29620_010000000000000_BEE_1984660952015-06-29Reading section 2015-06-29Reading Item    620.01/BEE/1984 
 Central Library, BUET13Central Library, BUET2015-07-28620_100000000000000_BEE_1984755022015-07-28Circulation section 2015-07-28General Book    620.1/BEE/1984